000 00698nam a22002177a 4500
005 20140922152816.0
008 140922b xxu||||| |||| 00| 0 eng d
020 _a9781405131735
_c995
040 _aLoreto College
041 _aEnglish
082 _a821.4
_bMIL-COR
245 _aA companion to Milton
_cEdited by Thomas N Corns
260 _aMalden, MA, USA
_bBlackwell Publishing
_c2004
300 _axvi,528p
_b24 cm
440 _aBlackwell Companions to Literature and Culture
504 _aIncludes bibliographical references and index
600 _aMilton, John
_d1608-1674
_vcriticism and interpretation
700 _4ed.
_aCorns, Thomas N
850 _aLCLIB
_bEngSemLib
942 _cBK
999 _c39504
_d89983